000
00243nam a22001217a 4500
999
_c
3198
_d
3198
003
OSt
005
20181029162816.0
008
181029b ||||| |||| 00| 0 eng d
040
_c
DLC
082
_a
REF 297
245
_a
Urdu /
942
_2
ddc
_c
REF